000 00718nam a22002537a 4500
003 CHAP
005 20220329135523.0
008 971013s1964 r 00010 d
010 _a37991
011 _a38963
035 _a43083
040 _cCHAP
082 _a553.61
_bM5
100 0 0 _aMillot, Georges.
_975845
245 _aGéologie des argiles
_b: altérations, sédimentogie, geochimie
260 _aParis :
_bMasson,
_c1964
300 _a499 p.
_b: ilus
590 _aBATCH-UPD
_b10
_c20130110
_lUCH01
_h1438
590 _aCONVERSION
_b10
_c20130109
_lUCH01
_h1321
650 1 4 _aArcilla.
_96822
901 _aBK
942 _cLIBRO
949 _a553.61 M5
_bBC
_cBPA
_d33724000921532
_eBPA
_h17153
_i43083
_si
_t228.00
999 _c37991
_d37991